Osobitosti hospodárskeho vývoja Čile koncom 20. storočia
Ekonomický vývoj Čile po roku 1973. Súčasná hospodárska situácia. Prílev PZI do Čile. Čílsky penzijný systém - správcovia dôchodkových fondov, voľný výber, štátny dozor a záruky, charakteristika systému, makroekonomické aspekty. Piliere čílskeho modelu hospodárskych reforiem.
Salvato in:
| Autore principale: | |
|---|---|
| Altri autori: | |
| Natura: | Capitolo di libro |
| Lingua: | slovacco |
| Soggetti: | |
| Tags: |
Nessun Tag, puoi essere il primo ad aggiungerne!!
|
MARC
| LEADER | 00000naa$a2200000$$$4500 | ||
|---|---|---|---|
| 001 | 0036763 | ||
| 005 | 20221104090740.7 | ||
| 041 | 0 | |a slo | |
| 044 | |a SK | ||
| 245 | 1 | 0 | |a Osobitosti hospodárskeho vývoja Čile koncom 20. storočia |c Ľudmila Lipková, Andrea Borbáčová |
| 520 | |a Ekonomický vývoj Čile po roku 1973. Súčasná hospodárska situácia. Prílev PZI do Čile. Čílsky penzijný systém - správcovia dôchodkových fondov, voľný výber, štátny dozor a záruky, charakteristika systému, makroekonomické aspekty. Piliere čílskeho modelu hospodárskych reforiem. | ||
| 610 | 2 | 0 | |a Čile |
| 610 | 2 | 0 | |a vývoj hospodársky |
| 610 | 2 | 0 | |a situácia hospodárska |
| 610 | 2 | 0 | |a pokrok hospodársky |
| 610 | 2 | 0 | |a investície priame zahraničné |
| 610 | 2 | 0 | |a systémy dôchodkové |
| 610 | 2 | 0 | |a nezamestnanosť |
| 100 | 1 | |a Lipková, Ľudmila | |
| 700 | 1 | |a Borbáčová, Andrea | |